000 00683nam a2200253Ia 4500
003 OSt
005 20220927105723.0
006 a|||||r|||| 00| 0
007 ta
008 220926b |||||||| |||| 00| 0 eng d
024 _a196639
037 _cReference Collections
040 _aRTL
_cRTL
_beng
041 _2eng
_aeng
082 _a"L:51.2r, N1/GD"
110 _a"INDIA, HOME AFFAIRS (M/o-)"
245 0 _aVital statistics of India
260 _aNew
_b"Delhi, MOP "
490 _v01087319: 1987 (258p)
500 _aScanned
700 _a"INDIA, HOME AFFAIRS (M/o-)"
942 _h"L:51.2r, N1/GD"
_cCC
999 _c694091
_d694091